| 000 | 00942nas a2200301 4500 | ||
|---|---|---|---|
| 001 | BR0600244 | ||
| 003 | BR-BrBNA | ||
| 005 | 20231205105804.0 | ||
| 007 | ta | ||
| 008 | 230509b bl.|||p| |||| 00| 00por d | ||
| 040 |
_aBR-BrBNA _bpor _cBiblioteca Nacional de Agricultura |
||
| 041 | _a(Pt) | ||
| 072 | _aH10 | ||
| 100 | 1 | _aBarros, R.G. | |
| 100 | 1 | _aAlbernaz, K.C. | |
| 100 | 1 | _aTakatsuka, F.S. | |
| 100 | 1 | _aCzepak, C. | |
| 100 | 1 | _aFernandes, P.M. | |
| 100 | 1 | _aTofoli, G.R. | |
| 245 | 1 | _aEficiência de inseticidas no controle de Spodoptera frugiperda (J.E. Smith 1797)(Lepidoptera: Noctuidae)na cultura do algodoeiro | |
| 650 | _aALGODÃO | ||
| 650 | _aLAGARTA MILITAR | ||
| 650 | _aINSETICIDA | ||
| 650 | _aCONTROLE QUÍMICO | ||
| 773 | 0 |
_tPesquisa Agropecuária Tropical (Brazil) _xISSN 1517-6398 _g(Sep-Dec 2005), v. 35(3) p. 179-182 _wBR0600244 |
|
| 909 |
_a202311 _bLúcia _c55 _dLúcia Elande |
||
| 942 |
_2AGRIS _n0 _cANA |
||
| 999 |
_c184683 _d184683 |
||